000 00761nam a2200277Ia 4500
003 OSt
005 20220912151501.0
006 a|||||r|||| 00| 0
007 ta
008 220909b |||||||| |||| 00| 0 eng d
020 _a0471305022 (hbd)
024 _a3599
037 _cTextual
040 _aCSL
_beng
_cCSL
041 _aeng
082 _aB2T0bD:4, N5
100 _aGnedenko Boris
245 0 _aProbabilistic reliability engineering
260 _aNew York
_b John Wiley Sons
_c1995
300 _a518p.
_ccm.
650 _aProbilistic reliability
700 _a Falk James Ed.
700 _a Ushakov Igor
942 _hB2T0bD:4, N5
_cTEXL
_2CC
999 _c69634
_d69634